000
00298nam a22001337a 4500
008
170613b xxu||||| |||| 00| 0 eng d
020
_a
041
_a
eng
080
_a
328
100
_a
19
101
_a
SHP
245
_a
AN INTRODUCTION TO COMPARATIVE GOVERNMENT
_c
BLONDEL,J
942
_2
udc
_c
BK
999
_c
17168
_d
17168